University Home | Library Home | Institutional Repository

Social Psychology : (Record no. 216576)

MARC details
000 -LEADER
fixed length control field 00698 a2200229 4500
005 - DATE AND TIME OF LATEST TRANSACTION
control field 20260415090459.0
008 - FIXED-LENGTH DATA ELEMENTS--GENERAL INFORMATION
fixed length control field 260415b |||||||| |||| 00| 0 eng d
020 ## - INTERNATIONAL STANDARD BOOK NUMBER
International Standard Book Number 9781529732085
040 ## - CATALOGING SOURCE
Original cataloging agency LC
Transcribing agency UNZA
Description conventions RDA
050 ## - LIBRARY OF CONGRESS CALL NUMBER
Classification number HM1033.
Item number DIC 2024.
100 ## - MAIN ENTRY--PERSONAL NAME
Personal name Dickerson, Paul
Relator term author
245 ## - TITLE STATEMENT
Title Social Psychology :
Remainder of title traditional & critical perspectives /
Statement of responsibility, etc. Paul Dickerson.
260 ## - PUBLICATION, DISTRIBUTION, ETC.
Name of publisher, distributor, etc. SAGE Publications :
Date of publication, distribution, etc. 2024.
Place of publication, distribution, etc. London.
300 ## - PHYSICAL DESCRIPTION
Extent xxxii, 843 pages :
Other physical details illustrations.
336 ## - CONTENT TYPE
CONTENT TYPE Text
337 ## - MEDIA TYPE
MEDIA TYPE Unmediated
338 ## - CARRIER TYPE
CARRIER TYPE Volume
504 ## - BIBLIOGRAPHY, ETC. NOTE
Bibliography, etc. note includes bibliographical references and index.
650 ## - SUBJECT ADDED ENTRY--TOPICAL TERM
Topical term or geographic name entry element Social psychology.
650 ## - SUBJECT ADDED ENTRY--TOPICAL TERM
Topical term or geographic name entry element Critical psychology.
942 ## - ADDED ENTRY ELEMENTS (KOHA)
Koha item type Book
999 ## -
-- 216576
-- 216576
Holdings
Withdrawn status Lost status Source of classification or shelving scheme Damaged status Not for loan Collection code Home library Current library Shelving location Date acquired Source of acquisition Cost, normal purchase price Total Checkouts Full call number Barcode Date last seen Copy number Cost, replacement price Price effective from Koha item type
    Library of Congress Classification     Non-fiction Main Library Main Library On Shelf 04/13/2026 Donation 300.00   HM1033. DIC 2024. 33729006812015 04/13/2026 1 300.00 04/13/2026 Book
© 2026 - The University of Zambia Library - Koha v25.11